Les Conventions de Genève et la guerre civile
Guardat en:
| Autor principal: | |
|---|---|
| Format: | Llibre |
| Idioma: | francès |
| Publicat: |
Ginebra
Comité Internacional de la Cruz Roja
1950
|
| Col·lecció: | Les Nouvelles Conventions de Genève
|
| Matèries: | |
| Etiquetes: |
Afegir etiqueta
Sense etiquetes, Sigues el primer a etiquetar aquest registre!
|
MARC
| LEADER | 00000nam a2200000 a 4500 | ||
|---|---|---|---|
| 001 | UCT9783 | ||
| 003 | CL-VaPUC | ||
| 008 | 970411e19500000SZ |||||||||||||||||fre|d | ||
| 082 | 0 | 4 | |a 341.6 |b SIO |2 21 |
| 100 | 0 | |a Siordet, Frédéric |e author |9 382793 | |
| 245 | 1 | 4 | |a Les Conventions de Genève et la guerre civile |
| 300 | |a 44 p | ||
| 942 | |c BK | ||
| 945 | |d 19970411 00:00:00 |a paguirre | ||
| 260 | |a Ginebra |b Comité Internacional de la Cruz Roja |c 1950 | ||
| 650 | 7 | |a CONVENCIONES |2 CL-VaPUC |9 382794 | |
| 650 | 0 | |a Cooperación internacional |9 255447 | |
| 650 | 0 | |a Guerra civil |9 320243 | |
| 650 | 0 | |a Problemas sociales |9 258537 | |
| 650 | 7 | |a DESFAVORECIDOS POR LA GUERRA |2 CL-VaPUC |9 377611 | |
| 583 | |a last modification |c 19970411 00:00:00 |k Rodrigo Vera | ||
| 490 | 0 | |a Les Nouvelles Conventions de Genève | |
| 999 | |c 258162 |d 258160 | ||
| 952 | |0 0 |1 0 |2 ddc |4 0 |6 341_600000000000000_SIO_1950 |7 0 |8 A |9 282011 |a BIBDER |b BIBDER |d 2019-11-19 |i 1830104 |o 341.6 SIO 1950 |p 1830104 |r 2023-01-25 |w 2019-11-19 |y MX |k DER | ||